| 000 | 00808na a2200265 4500 | ||
|---|---|---|---|
| 001 | 13950 | ||
| 003 | MIRAKIL | ||
| 005 | 20181213154922.0 | ||
| 008 | 160822b tu 000 0 | ||
| 020 | _a975677410X | ||
| 035 | _a13950 | ||
| 040 |
_aMilas _btur _cTR-AnCHP |
||
| 082 |
_aATA 297 _bB66a 1999 |
||
| 090 | _aATA 297 B66a 1999 | ||
| 100 | _aBorak, Sadi | ||
| 245 |
_aAtatürkçü ve toplumcu bir din adamı Hacı Süleyman Efendi _cSadi Borak |
||
| 260 |
_aİstanbul _bToplumsal dönüşüm yayınları _c1999 |
||
| 300 |
_a163 s. _c18 sm. |
||
| 490 |
_aAraştırma ve İnceleme _v29 |
||
| 490 |
_aToplumsal Dönüşüm Yayınları _v115 |
||
| 504 | _aKaynakça var. | ||
| 600 |
_aHacı Süleyman Efendi _d1855-1923 |
||
| 600 |
_aAtatürk, Mustafa Kemal _d1881-1938 _xDin |
||
| 942 |
_2ddc _cBKS |
||
| 999 |
_c3154 _d3154 |
||